Science Quiz

Random Science or Math Quiz

Science Grab Bag Quiz Stats

 Plays Quiz Updated Apr 12, 2019

Score 0/97 Timer 08:00
16 Plays Today
% Correct
s
98.4%
p
98%
f
94.9%
Earth
94.2%
Mars
94%
Oxygen
93.4%
Oxygen
93.3%
Jupiter
93%
Venus
93%
Oxygen
93%
Saturn
92.7%
Hydrogen
92.6%
Liquid
92.3%
Gas
92.3%
Hydrogen
92.3%
Solid
92.3%
d
91.9%
Uranus
91.8%
Mercury
91.8%
neutron
90.5%
proton
90.4%
Pluto
90.4%
electron
90.4%
Helium
90%
Helium
90%
Neptune
89.4%
Carbon
88.4%
Celsius
88.2%
Carbon
88.1%
Nitrogen
86.2%
Gravity
84.3%
Kelvin
83.1%
Neon
76%
% Correct
Neon
76%
Sine
75.6%
Cosine
75.4%
Fahrenheit
73.7%
Tangent
73.1%
Io
73%
Plasma
71.9%
Argon
71.8%
milli
70.5%
centi
69%
kilo
67.2%
Covalent
66.6%
Xenon
65.8%
Ultraviolet
64.6%
Ionic
63.5%
Iron
61.5%
Iron
61.3%
Visible
61.2%
Cotangent
59.8%
Infrared
58.6%
Gamma Rays
58.6%
deci
58.5%
Convection
58.1%
X-ray
56.3%
Radio
55.8%
deca
54.8%
Microwave
54.7%
Conduction
54%
Krypton
52.3%
Radon
51.2%
Cosecant
51%
Secant
50.4%
Radiation
49%
% Correct
Nuclear Strong Force
46.6%
Nuclear Weak Force
46.5%
Up
46%
Down
45.7%
Electromagnetism
45.4%
Silicon
35.4%
Strange
33.9%
Charm
30.8%
Top
30.2%
Bottom
30.1%
Europa
27.8%
Metallic
24.9%
hecto
24.2%
Ganymede
23%
Magnesium
21.3%
Combustion
20.2%
Ceres
18.4%
Single Replacement
16.7%
Double Replacement
16%
Callisto
15%
Decomposition
13.8%
Synthesis
13%
Eris
11.8%
ATLAS
8.6%
Makemake
8.5%
ALICE
6%
Haumea
5.9%
LHCb
4%
CMS
3.6%
TOTEM
3.1%
LHCf
3%

You're not logged in!

Compare scores with friends on all Sporcle quizzes.
OR
Log In

You Might Also Like...

Show Comments

Extras

Top Quizzes Today


Score Distribution

Your Account Isn't Verified!

In order to create a playlist on Sporcle, you need to verify the email address you used during registration. Go to your Sporcle Settings to finish the process.

Report this User

Report this user for behavior that violates our Community Guidelines.

Details: